Logo BPK

Biblioteka

Politechniki Koszalińskiej

IX Ogólnopolskie Spotkanie Dziekanów Wydziałów Elektrycznych i Wydziałów Elektroniki : (Rekord nr 38008)

Szczegóły MARC
000 -ETYKIETA REKORDU
podpole kontrolne o stałej długości 01134nam a2200265 i 4500
001 - NUMER KONTROLNY REKORDU
pole kontrolne bg
020 ## - MIĘDZYNARODOWY ZNORMALIZOWANY NUMER KSIĄŻKI - ISBN
ISBN 8386272910
040 ## - ŹRÓDŁO KATALOGOWANIA
Instytucja, która utworzyła rekord BPK
041 0# - KOD JĘZYKA
Kod języka tekstu pl
080 ## - UNIWERSALNA KLASYFIKACJA DZIESIĘTNA - UKD
UKD 378.662(438)"1989/..."(061)
920 ## - Międzynarodowy znormalizowany numer książki – ISBN
ISBN 83-86272-91-0
008 - POLE O STAŁEJ DŁUGOŚCI - DANE KONTROLNE
podpole kontrolne o stałej długości s pl f |000 0 pol
111 2# - NAZWA IMPREZY
Nazwa imprezy Ogólnopolskie Spotkanie Dziekanów Wydziałów Elektrycznych i Wydziałów Elektroniki
Oznaczenie części/sekcji/imprezy (9 ;
Data imprezy 1999 ;
Miejsce imprezy Białystok-Rajgród).
245 10 - TYTUŁ/ODPOWIEDZIALNOŚĆ
Tytuł IX Ogólnopolskie Spotkanie Dziekanów Wydziałów Elektrycznych i Wydziałów Elektroniki :
Ciąg dalszy tytułu Białystok-Rajgród, 31.5-02.6.1999 r. : materiały /
Pozostałe elementy strefy tytułu i oznaczenia odpowiedzialności [red. nauk. Mikołaj Busłowicz ; współpr. Walenty Owieczko, Anna Sądel] ; Politechnika Białostocka. Wydział Elektryczny.
260 ## - STREFA ADRESU WYDAWNICZEGO
Miejsce wydania Białystok :
Nazwa wydawcy/dystrybutora PB,
Data publikacji, dystrybucji/powstania dokumentu 1999.
300 ## - STREFA OPISU FIZYCZNEGO
Objętość 89 s. :
Inne cechy fizyczne wykr. ;
Rozmiary 23 cm.
504 ## - UWAGA DOTYCZĄCA BIBLIOGRAFII
Informacje o bibliografii Bibliogr. przy materiałach.
650 #9 - HASŁO PRZEDMIOTOWE W FORMIE NAZWY OGÓLNEJ LUB JEDNOSTKOWEJ
Nazwa ogólna lub geograficzna Technika
Określnik ogólny szkolnictwo wyższe
Określnik geograficzny Polska
Określnik chronologiczny od 1989 r.
655 ## - TERMIN INDEKSOWY - OKREŚLENIE RODZAJU/FORMY DOKUMENTU
Określenie rodzaju/formy dokumentu Materiały konferencyjne
700 1# - HASŁO DODATKOWE - NAZWA OSOBOWA
Nazwa osobowa Busłowicz, Mikołaj.
Określenie związku między hasłem a opisywanym materiałem Red.
700 1# - HASŁO DODATKOWE - NAZWA OSOBOWA
Nazwa osobowa Owieczko, Walenty.
Określenie związku między hasłem a opisywanym materiałem Red.
700 1# - HASŁO DODATKOWE - NAZWA OSOBOWA
Nazwa osobowa Sądel, Anna.
Określenie związku między hasłem a opisywanym materiałem Red.
710 #0 - HASŁO DODATKOWE - NAZWA CIAŁA ZBIOROWEGO
Nazwa ciała zbiorowego lub jednostki geograficznej Politechnika Białostocka
Nazwa jednostki podrzędnej Wydział Elektryczny
856 ## - LOKALIZACJA I DOSTĘP DO ELEKTRONICZNYCH DOKUMENTÓW ZDALNYCH
Link (URL) http://koha.tu.koszalin.pl/cgi-bin/koha/opac-detail.pl?biblionumber=38008
Tekst linku Katalog online BPK
942 ## - DODATKOWE ELEMENTY (KOHA)
Typ dokumentu Książka
Egzemplarze
Wycofany Status egzemplarza Uszkodzony Dostępność Lokalizacja stała Lokalizacja bieżąca Miejsce przechowywania Sygnatura Kod kreskowy Typ dokumentu
      Dostępny Biblioteka Politechniki Koszalińskiej Biblioteka Politechniki Koszalińskiej Wypożyczalnia BG 54492 01506112 Książka
© 2023 Biblioteka Politechniki Koszalińskiej :: KOHA